Полные похождения Рокамболя: Сериал из 7 сер. в 15 т. : Пер. с фр.

Bibliografiske detaljer
Hovedforfatter: Понсон дю Террайль П. А. Пьер Алексис
Andre forfattere: Левченко В. Т. (иллюстратор)
Sprog:russisk
Udgivet: СПб., Политехника, 1992-
Format: MixedMaterials Bog
KOHA link:https://koha.lib.tpu.ru/cgi-bin/koha/opac-detail.pl?biblionumber=162109

MARC

LEADER 00000nam0a2200000 4500
001 162109
005 20231031160214.0
010 |a 5732502602 
020 |a RU  |b 92-38043 
035 |a (RuTPU)RU\TPU\book\175817 
035 |a RU\TPU\book\138338 
090 |a 162109 
100 |a 20090617g1992 m y0rusy5003 ca 
101 1 |a rus  |c fre 
102 |a RU 
105 |a y z 000ay 
200 1 |a Полные похождения Рокамболя  |e Сериал из 7 сер. в 15 т. : Пер. с фр.  |f Понсон дю Террайль  |g худож. В. Т. Левченко 
210 |a СПб.  |c Политехника  |d 1992- 
700 1 |a Понсон дю Террайль  |b П. А.  |g Пьер Алексис  |4 070 
702 1 |a Левченко  |b В. Т.  |4 440 
801 0 |a RU  |b 63413507  |c 19950413  |g psbo 
801 1 |a RU  |b 63413507  |c 20071221  |g PSBO 
801 2 |a RU  |b 63413507  |c 20090617  |g PSBO 
942 |c BK